| 000 | 00891nam a2200277 a 4500 | ||
|---|---|---|---|
| 001 | 000024024 | ||
| 003 | DO-SdBNP | ||
| 005 | 20240430111443.0 | ||
| 007 | ta | ||
| 008 | 110118s1997 dr 001 0 spa d | ||
| 020 | _a8489548331 | ||
| 040 |
_aDO-SdBNP _bspa _cBNPHU |
||
| 049 | _aBNPD | ||
| 082 | 4 | _b22 | |
| 100 | 1 |
_aAlemán, José Luis, _97046 |
|
| 245 | 1 | 0 |
_aDesarrollo con pobreza? : _breforma social y disminución de la pobreza / _cpresentaciónRamonina Brea. |
| 260 |
_aSanto Domingo : _bPontificia Universidad Católica, _c1997. _fEditora Taller |
||
| 300 |
_a124 p. ; _c21 cm. |
||
| 490 | 1 | _aEducación ciudadana | |
| 500 | _aIncluye referencias bibliográficas y notas al pie de las páginas | ||
| 504 | _aBibliografía : p. 112-119 | ||
| 590 | _aInventariado, 2022/BT | ||
| 700 | 1 |
_aBrea, Ramonina _98319 |
|
| 830 | 0 |
_aEducación ciudadana _949364 |
|
| 942 |
_2ddc _cLBS1 |
||
| 999 |
_c23519 _d23519 |
||